000 00872nam a2200265Ia 4500
003 OSt
005 20220918170809.0
006 a|||||r|||| 00| 0
007 ta
008 220917b |||||||| |||| 00| 0 eng d
020 _a9780521723428 (hbk)
_c1386.45
024 _a236,873
037 _b8181, 11/12/2008, Elite Publishers Distributors
_cTextual
040 _aARTS
_cARTS
_beng
041 _2eng
_aeng
082 _aY15:3(W), P8
100 _aGoertz Gary Ed.
_931272
245 0 _aPolitics, gender and concepts
_b theory and methodology
260 _aCambridge
_bCambridge Univesity Press UK
_c2008
300 _axii, 307p.
_ccm.
650 _aSOCIOLOGY
700 _a Mazur Amy G. Ed.
_931273
942 _hY15:3(W), P8
_cTEXL
_2CC
999 _c135851
_d135851